| 000 | 00990nam a2200265 a 4500 | ||
|---|---|---|---|
| 001 | 000011493 | ||
| 003 | DO-SdBNP | ||
| 005 | 20230707103238.0 | ||
| 008 | 091019s1982 dr 000 e spa d | ||
| 040 |
_aDO-SdBNP _bspa _cBPMSU |
||
| 082 |
_aRD860.44 _bL256q 1982 _222 |
||
| 100 | 1 | _aLandestoy Garrido, Pedro | |
| 245 | 1 | 3 |
_aEl Quijote oculto : _b(la cueva de Montesinos Develada) / _cPedro Landestoy Garrido, Pedro Landestoy Duluc; edición Enrique Eusebio; prólogo Rafael Robles Inocencio. |
| 260 |
_aSanto Domingo : _bAlfa y Omega, _c1982. |
||
| 300 |
_a374 p. ; _c20 cm. |
||
| 500 | _a | ||
| 504 | _aBibliografía : p. 365-368 | ||
| 590 | _a Inventariado, 2023/VM | ||
| 600 | 1 | 4 |
_aCervantes Saavedra, Miguel de _d1547-1616. _t Don Quijote _xCrítica e interpretación |
| 650 | 4 |
_aOcultimo en literatura _xCrítica e interpretación |
|
| 700 | 1 |
_aEusebio, Enrique, _eed. |
|
| 700 | 1 |
_aRobles Inocencio, Rafael, _epról. |
|
| 910 | _aVMateo V. Control de calidad (BPMSU) | ||
| 942 |
_2ddc _cBK |
||
| 999 |
_c14406 _d14406 |
||